[Event "San Sebastian Gros op 27th"]
[Site "San Sebastian"]
[Date "2017.06.25"]
[Round "3"]
[White "Favarel, Antoine"]
[Black "Oratovsky, Michael"]
[Result "1/2-1/2"]
[WhiteElo "2386"]
[BlackElo "2501"]
[PlyCount "40"]
[EventDate "2017.06.23"]
[EventType "swiss"]
[EventRounds "9"]
[EventCountry "ESP"]
[SourceTitle "CBM 179 Extra"]
[Source "ChessBase"]
[SourceDate "2017.08.23"]
[SourceVersion "1"]
[SourceVersionDate "2017.08.23"]
[SourceQuality "1"]

1. d4 d6 2. Nf3 g6 3. g3 Bg7 4. c4 Nf6 5. Nc3 0-0 6. Bg2 Nbd7 7. 0-0 e5 8. b3 Re8 9. e4 c6 10. h3 a6 11. Re1 b5 12. d5 bxc4 13. dxc6 Nb8 14. bxc4 Nxc6 15. Nd5 Nxd5 16. cxd5 Nd4 17. Nxd4 exd4 18. Bb2 Qb6 19. Rb1 Bd7 20. Ba1 Qc5 1/2-1/2

[Event "San Sebastian Gros op 27th"]
[Site "San Sebastian"]
[Date "2017.06.25"]
[Round "4"]
[White "Heliot, Xabi"]
[Black "Favarel, Antoine"]
[Result "0-1"]
[WhiteElo "2101"]
[BlackElo "2386"]
[PlyCount "52"]
[EventDate "2017.06.23"]
[EventType "swiss"]
[EventRounds "9"]
[EventCountry "ESP"]
[SourceTitle "CBM 179 Extra"]
[Source "ChessBase"]
[SourceDate "2017.08.23"]
[SourceVersion "1"]
[SourceVersionDate "2017.08.23"]
[SourceQuality "1"]

1. c4 e6 2. g3 d5 3. Bg2 Nf6 4. Nf3 d4 5. d3 c5 6. 0-0 Nc6 7. e3 Bd6 8. Na3 0-0 9. exd4 cxd4 10. Nc2 e5 11. Rb1 a5 12. Re1 Re8 13. a3 Bf5 14. Nh4 Bg4 15. Qd2 Qd7 16. b4 axb4 17. axb4 h6 18. c5 Bf8 19. Bb2 g5 20. Nf3 Qf5 21. Nfxd4 exd4 22. Nxd4 Nxd4 23. Bxd4 Bf3 24. Bxf6 Qxf6 25. d4 Rxe1+ 26. Rxe1 Rd8 0-1

[Event "Wachtebeke"]
[Site "Wachtebeke"]
[Date "2017.03.01"]
[Round "8"]
[White "Favarel, Antoine"]
[Black "Hautot, Stephane"]
[Result "1/2-1/2"]
[WhiteElo "2423"]
[BlackElo "2395"]
[PlyCount "64"]
[EventDate "2017.02.25"]
[EventType "tourn"]
[EventRounds "9"]
[EventCountry "BEL"]
[SourceTitle "CBM 177 Extra"]
[Source "ChessBase"]
[SourceDate "2017.04.27"]
[SourceVersion "1"]
[SourceVersionDate "2017.04.27"]
[SourceQuality "1"]

1. d4 d5 2. c4 dxc4 3. e3 Nf6 4. Bxc4 e6 5. Nf3 a6 6. Bb3 b6 7. Nc3 Bb7 8. 0-0 Nbd7 9. Qe2 c5 10. Rd1 Qc7 11. d5 exd5 12. Nxd5 Nxd5 13. Bxd5 Bxd5 14. Rxd5 Nf6 15. Rd1 Qc6 16. b3 Be7 17. Bb2 0-0 18. Ne5 Qe6 19. Qf3 Rac8 20. Rd2 Bd6 21. Nc4 Ne4 22. Rd3 Bc7 23. Rad1 b5 24. Nd2 c4 25. bxc4 bxc4 26. Rd4 Nxd2 27. R4xd2 Be5 28. Bxe5 Qxe5 29. Qd5 Qxd5 30. Rxd5 c3 31. Rc1 Rc6 32. Rc2 Rb8 1/2-1/2

[Event "Wachtebeke"]
[Site "Wachtebeke"]
[Date "2017.02.28"]
[Round "6"]
[White "Hopman, Pieter"]
[Black "Favarel, Antoine"]
[Result "1-0"]
[WhiteElo "2335"]
[BlackElo "2423"]
[PlyCount "75"]
[EventDate "2017.02.25"]
[EventType "tourn"]
[EventRounds "9"]
[EventCountry "BEL"]
[SourceTitle "CBM 177 Extra"]
[Source "ChessBase"]
[SourceDate "2017.04.27"]
[SourceVersion "1"]
[SourceVersionDate "2017.04.27"]
[SourceQuality "1"]

1. d4 Nf6 2. c4 e6 3. Nf3 d5 4. Nc3 Bb4 5. cxd5 exd5 6. Bf4 c6 7. a3 Be7 8. h3 Bf5 9. g4 Bg6 10. Ne5 Nbd7 11. Nxg6 hxg6 12. Bg2 Nf8 13. Qd2 Ne6 14. Be5 g5 15. e3 Nd7 16. Bg3 Nb6 17. Bf1 Bd6 18. Bxd6 Qxd6 19. Qc2 g6 20. 0-0-0 0-0-0 21. Kb1 Kb8 22. f3 Rde8 23. Qf2 Re7 24. h4 gxh4 25. Rxh4 Rhe8 26. Bd3 a6 27. Rhh1 c5 28. dxc5 Nxc5 29. e4 d4 30. Ne2 Rd8 31. Bxa6 d3 32. Bb5 d2 33. Nc3 Nb3 34. Qe3 Re5 35. Rh7 g5 36. Rxf7 Qe6 37. Rf5 Nd4 38. Rxd2 1-0

[Event "FRA-ch Accession"]
[Site "Agen"]
[Date "2016.08.15"]
[Round "3"]
[White "Favarel, Antoine"]
[Black "Sochacki, Christophe"]
[Result "1-0"]
[WhiteElo "2376"]
[BlackElo "2424"]
[PlyCount "205"]
[EventDate "2016.08.13"]
[EventType "swiss"]
[EventRounds "9"]
[EventCountry "FRA"]
[SourceTitle "EXT 2017"]
[Source "ChessBase"]
[SourceDate "2016.10.25"]
[SourceVersion "1"]
[SourceVersionDate "2016.10.25"]
[SourceQuality "1"]

1. d4 Nc6 2. Nf3 d6 3. c4 e5 4. g3 e4 5. Ng5 d5 6. Nc3 Bb4 7. cxd5 Qxd5 8. Bg2 Bf5 9. 0-0 Bxc3 10. bxc3 h6 11. Nh3 Qd7 12. Nf4 g5 13. d5 0-0-0 14. Qa4 Nb8 15. Qxa7 gxf4 16. c4 Qd6 17. Bxf4 Qa6 18. Qd4 Ne7 19. Qc5 Rd7 20. d6 Rxd6 21. Bxd6 Qxd6 22. Qe3 Qc6 23. Rab1 b6 24. Rb5 Qxc4 25. Rxf5 Nxf5 26. Bh3 Qd5 27. Qf4 Kb7 28. Bxf5 Re8 29. a3 Nc6 30. Rc1 Re5 31. Bh3 Qd6 32. Qxf7 b5 33. Qg8 Qxa3 34. Rb1 Rc5 35. Kg2 Qa8 36. Qe6 Qa4 37. Bf5 Re5 38. Qc8+ Kb6 39. Bd7 Rc5 40. Bxc6 Kxc6 41. Qh8 Qc2 42. Ra1 Qxe2 43. Qf6+ Kd7 44. Qf7+ Kd6 45. Qf8+ Kc6 46. Qe8+ Kb6 47. Qa8 b4 48. Qb8+ Kc6 49. Qxb4 Rc2 50. Qa4+ Kd6 51. Qd4+ Ke6 52. Rd1 Qf3+ 53. Kg1 Kf7 54. Qd7+ Kf6 55. Qd8+ Ke6 56. Qd5+ Kf6 57. Qd4+ Kf5 58. h3 h5 59. Qd5+ Kf6 60. Qd8+ Kg6 61. Qg8+ Kf6 62. Qf8+ Ke6 63. Qh6+ Ke7 64. Qg5+ Ke6 65. Qg8+ Ke7 66. Qd8+ Ke6 67. Qd7+ Kf6 68. Qd4+ Kf5 69. Ra1 Kg6 70. Ra6+ c6 71. Qd6+ Qf6 72. Qxf6+ Kxf6 73. h4 Kf5 74. Ra3 c5 75. Kf1 Ke5 76. Ra8 c4 77. Re8+ Kd4 78. Rd8+ Kc3 79. Re8 Kd4 80. Rd8+ Kc3 81. Re8 Kd3 82. Rd8+ Kc3 83. Re8 Kb3 84. Rb8+ Ka3 85. Ra8+ Kb2 86. Rb8+ Kc1 87. Ke1 c3 88. Rb3 e3 89. fxe3 Rg2 90. Rxc3+ Kb2 91. Rc4 Rxg3 92. Kf2 Rh3 93. Re4 Rh1 94. Kg2 Re1 95. Re5 Kc3 96. Kf2 Rh1 97. Rxh5 Kd3 98. Kg2 Ra1 99. Re5 Ke2 100. h5 Ra8 101. Kg3 Rg8+ 102. Kf4 Kf2 103. h6 1-0

[Event "Hourtin Vins du Medoc op 2nd"]
[Site "Hourtin"]
[Date "2016.07.05"]
[Round "5"]
[White "Wohl, Aleksandar H"]
[Black "Favarel, Antoine"]
[Result "0-1"]
[WhiteElo "2354"]
[BlackElo "2363"]
[PlyCount "58"]
[EventDate "2016.07.02"]
[EventType "swiss"]
[EventRounds "9"]
[EventCountry "FRA"]
[SourceTitle "EXT 2019"]
[Source "ChessBase"]
[SourceDate "2018.10.10"]
[SourceVersion "1"]
[SourceVersionDate "2018.10.10"]
[SourceQuality "1"]

1. b3 d5 2. Bb2 Nf6 3. e3 Bf5 4. h3 h6 5. d3 e6 6. Nd2 Be7 7. g4 Bh7 8. h4 Rg8 9. g5 Nfd7 10. f4 c5 11. Ne2 Qb6 12. Ng3 Nc6 13. Kf2 0-0-0 14. a3 Bd6 15. Qf3 f6 16. gxh6 gxh6 17. c4 d4 18. exd4 cxd4 19. b4 Qc7 20. b5 Nce5 21. fxe5 Nxe5 22. Qd1 Ng4+ 23. Ke2 Bxd3+ 24. Kxd3 Nf2+ 25. Kc2 Nxd1 26. Rxd1 Bxg3 27. Nb3 Be5 28. Kb1 d3 29. Bh3 f5 0-1

[Event "Hourtin Vins du Medoc op 2nd"]
[Site "Hourtin"]
[Date "2016.07.03"]
[Round "2"]
[White "Favarel, Antoine"]
[Black "Cazeaux, Didier"]
[Result "1-0"]
[WhiteElo "2363"]
[BlackElo "1825"]
[PlyCount "91"]
[EventDate "2016.07.02"]
[EventType "swiss"]
[EventRounds "9"]
[EventCountry "FRA"]
[SourceTitle "EXT 2019"]
[Source "ChessBase"]
[SourceDate "2018.10.10"]
[SourceVersion "1"]
[SourceVersionDate "2018.10.10"]
[SourceQuality "1"]

1. d4 Nf6 2. c4 c5 3. d5 e6 4. Nc3 exd5 5. cxd5 d6 6. Nf3 g6 7. Bf4 a6 8. a4 Bg7 9. h3 0-0 10. e3 Qe7 11. Nd2 Nbd7 12. Be2 Rb8 13. 0-0 Ne8 14. a5 Ne5 15. Bg3 f5 16. Re1 Nc7 17. Qb3 Bd7 18. f4 Nf7 19. e4 fxe4 20. Ndxe4 Bf5 21. Bc4 Bd4+ 22. Kh2 Qd8 23. Re2 Ne8 24. Qd1 Ng7 25. Bf2 Bxf2 26. Nxf2 Re8 27. Rxe8+ Qxe8 28. Qd2 Qf8 29. g4 Bd7 30. Nce4 Ne8 31. Ra3 Qg7 32. Rb3 Nf6 33. Qc3 Nxe4 34. Nxe4 Qxc3 35. bxc3 Kg7 36. Bd3 h5 37. Kg3 hxg4 38. hxg4 Bb5 39. Bxb5 axb5 40. Rxb5 Re8 41. Kf3 Re7 42. Rb6 Rd7 43. g5 Kf8 44. Nf6 Rc7 45. a6 bxa6 46. Rb8+ 1-0

[Event "FRA-chT Top 12"]
[Site "Drancy"]
[Date "2016.06.02"]
[Round "6.5"]
[White "Tregubov, Pavel V"]
[Black "Favarel, Antoine"]
[Result "1-0"]
[WhiteElo "2593"]
[BlackElo "2348"]
[PlyCount "83"]
[EventDate "2016.05.28"]
[EventType "team-tourn"]
[EventRounds "11"]
[EventCountry "FRA"]
[SourceTitle "CBM 172 Extra"]
[Source "ChessBase"]
[SourceDate "2016.06.21"]
[SourceVersion "1"]
[SourceVersionDate "2016.06.21"]
[SourceQuality "1"]
[WhiteTeam "Clichy Echecs 92"]
[BlackTeam "Chalons en Champagne"]
[WhiteTeamCountry "FRA"]
[BlackTeamCountry "FRA"]

1. d4 Nf6 2. c4 e6 3. Nf3 d5 4. Nc3 Bb4 5. cxd5 exd5 6. Bf4 0-0 7. e3 Ne4 8. Rc1 g5 9. Bg3 h5 10. Nd2 Nxd2 11. Kxd2 Bg4 12. f3 Bf5 13. a3 Ba5 14. b4 Bb6 15. h4 Re8 16. hxg5 Bxd4 17. exd4 Qxg5+ 18. f4 Qxg3 19. Qf3 Qg7 20. Qxd5 Nc6 21. Qxf5 Nxd4 22. Qg5 Qxg5 23. fxg5 Nb3+ 24. Kc2 Nxc1 25. Bc4 Kg7 26. Kxc1 Re5 27. Rxh5 Rd8 28. Kc2 c6 29. Bd3 Rd4 30. Rh7+ Kf8 31. g6 fxg6 32. Rxb7 Re3 33. Be2 Rf4 34. Kd2 Re7 35. Rxe7 Kxe7 36. Ke3 Rf8 37. Bf3 Kd6 38. Kd4 a5 39. bxa5 Ra8 40. Nb5+ Kd7 41. Kc5 Ra6 42. Nd4 1-0

[Event "FRA-chT Top 12"]
[Site "Drancy"]
[Date "2016.05.31"]
[Round "4.7"]
[White "Favarel, Antoine"]
[Black "Sharif, Mershad"]
[Result "1-0"]
[WhiteElo "2348"]
[BlackElo "2425"]
[PlyCount "127"]
[EventDate "2016.05.28"]
[EventType "team-tourn"]
[EventRounds "11"]
[EventCountry "FRA"]
[SourceTitle "CBM 172 Extra"]
[Source "ChessBase"]
[SourceDate "2016.06.21"]
[SourceVersion "1"]
[SourceVersionDate "2016.06.21"]
[SourceQuality "1"]
[WhiteTeam "Chalons en Champagne"]
[BlackTeam "Strasbourg"]
[WhiteTeamCountry "FRA"]
[BlackTeamCountry "FRA"]

1. d4 d5 2. c4 e6 3. Nf3 Nf6 4. g3 Bb4+ 5. Bd2 Bd6 6. Nc3 0-0 7. Bg5 c6 8. Bg2 h6 9. Bxf6 Qxf6 10. 0-0 Bc7 11. Qb3 Nd7 12. e4 dxc4 13. Qxc4 Nb6 14. Qb3 e5 15. d5 Bg4 16. Nd2 h5 17. h3 Bd7 18. a4 a5 19. h4 Bg4 20. Nd1 Qd6 21. Ne3 cxd5 22. exd5 Qb4 23. Qxb4 axb4 24. Rfc1 Bd8 25. b3 Be2 26. Bh3 Ra5 27. Bg2 f5 28. Nec4 Bxc4 29. Nxc4 Nxc4 30. Rxc4 Be7 31. Rc7 Bc5 32. Rd1 Rf6 33. Rxc5 Rxc5 34. d6 Rf8 35. Bd5+ Kh7 36. Bxb7 Rd8 37. d7 Kg6 38. Rd6+ Kf7 39. Bc8 Rc3 40. a5 Rxb3 41. a6 Ra3 42. Rb6 b3 43. Kf1 Ke7 44. Ke2 Rxd7 45. Rb7 Ra2+ 46. Ke3 Rad2 47. Bxd7 Rxd7 48. a7 Rxb7 49. a8Q Rd7 50. Qa3+ Kf6 51. Qa6+ Ke7 52. Qb5 Kd6 53. Qb8+ Ke6 54. Qxb3+ Kf6 55. Qb6+ Kf7 56. Qc5 Re7 57. Qd5+ Kf6 58. Qg8 g6 59. Kd3 Rd7+ 60. Kc4 Rd2 61. Qf8+ Ke6 62. Qg7 Rd4+ 63. Kc5 Rg4 64. Qg8+ 1-0

[Event "FRA-chT Top 12"]
[Site "Drancy"]
[Date "2016.05.28"]
[Round "1.3"]
[White "Favarel, Antoine"]
[Black "Marcelin, Cyril"]
[Result "1-0"]
[WhiteElo "2348"]
[BlackElo "2477"]
[PlyCount "69"]
[EventDate "2016.05.28"]
[EventType "team-tourn"]
[EventRounds "11"]
[EventCountry "FRA"]
[SourceTitle "CBM 172 Extra"]
[Source "ChessBase"]
[SourceDate "2016.06.21"]
[SourceVersion "1"]
[SourceVersionDate "2016.06.21"]
[SourceQuality "1"]
[WhiteTeam "Chalons en Champagne"]
[BlackTeam "Saint Quentin"]
[WhiteTeamCountry "FRA"]
[BlackTeamCountry "FRA"]

1. e4 e5 2. Nf3 Nc6 3. Bc4 Nf6 4. d3 Be7 5. 0-0 0-0 6. a4 h6 7. a5 a6 8. c3 d6 9. h3 Nd7 10. Re1 Bf6 11. Nbd2 Ne7 12. Nf1 Ng6 13. Ng3 Nc5 14. d4 Ne6 15. Nf5 Nef4 16. Bf1 d5 17. dxe5 dxe4 18. Bxf4 exf3 19. Qxf3 Bg5 20. Rad1 Bxf4 21. Rxd8 Rxd8 22. Ne7+ Nxe7 23. Qxf4 Be6 24. Bc4 Nc6 25. Bxe6 fxe6 26. Qg4 Re8 27. Rd1 Re7 28. f4 Nxa5 29. Rd3 Nc6 30. Qd1 Rf8 31. Rd7 Rff7 32. Rxe7 Rxe7 33. Qb3 Nd8 34. f5 Kf7 35. Qd1 1-0

[Event "Cappelle op 32nd"]
[Site "Cappelle la Grande"]
[Date "2016.02.15"]
[Round "4"]
[White "Favarel, Antoine"]
[Black "Tawil, Alexandre"]
[Result "0-1"]
[WhiteElo "2322"]
[BlackElo "2055"]
[PlyCount "68"]
[EventDate "2016.02.13"]
[EventType "swiss"]
[EventRounds "9"]
[EventCountry "FRA"]
[SourceTitle "EXT 2017"]
[Source "ChessBase"]
[SourceDate "2016.10.25"]
[SourceVersion "1"]
[SourceVersionDate "2016.10.25"]
[SourceQuality "1"]

1. c4 e5 2. g3 Nc6 3. Nc3 f5 4. Bg2 Nf6 5. e3 d5 6. Nxd5 Nxd5 7. cxd5 Nb4 8. d3 c6 9. Ne2 Nxd5 10. 0-0 Be7 11. e4 Nf6 12. exf5 0-0 13. d4 e4 14. Nc3 Bxf5 15. Qb3+ Kh8 16. Qxb7 Qe8 17. d5 Rb8 18. Qxc6 Qh5 19. h4 Ng4 20. Ne2 g5 21. Bd2 Bf6 22. Bc3 gxh4 23. Nf4 Qh6 24. Bh3 Rbc8 25. Qd6 hxg3 26. fxg3 Rxc3 27. Qxf8+ Qxf8 28. bxc3 Qc5+ 29. Kh1 Qe3 30. Nh5 Qg5 31. Nxf6 Qxf6 32. Rab1 Qh6 33. Rb8+ Kg7 34. Rb7+ Kg6 0-1

[Event "FRA-ch Accession"]
[Site "Saint Quentin"]
[Date "2015.08.20"]
[Round "11"]
[White "Favarel, Antoine"]
[Black "Lazarev, Vladimir"]
[Result "1-0"]
[WhiteElo "2364"]
[BlackElo "2389"]
[PlyCount "73"]
[EventDate "2015.08.09"]
[EventType "swiss"]
[EventRounds "11"]
[EventCountry "FRA"]
[SourceTitle "EXT 2016"]
[Source "ChessBase"]
[SourceDate "2015.10.08"]
[SourceVersion "1"]
[SourceVersionDate "2015.10.08"]
[SourceQuality "1"]

1. c4 c5 2. g3 g6 3. Bg2 Bg7 4. Nc3 Nc6 5. e3 e6 6. Nge2 Nge7 7. d4 0-0 8. dxc5 Qa5 9. 0-0 Qxc5 10. b3 d5 11. Na4 Qa5 12. Bb2 dxc4 13. Bxg7 Kxg7 14. bxc4 Rd8 15. Qb3 e5 16. Nec3 Be6 17. Rfd1 Rab8 18. Qb5 Qb4 19. Rxd8 Rxd8 20. Qxb4 Nxb4 21. Rb1 Nec6 22. a3 Nc2 23. Rxb7 Rc8 24. Bd5 Kg8 25. Bxe6 fxe6 26. Ne4 Nxa3 27. Nf6+ Kf8 28. Nxh7+ Kg8 29. Nf6+ Kf8 30. Nh7+ Kg8 31. Nc5 Nd8 32. Nf6+ Kf8 33. Ncd7+ Ke7 34. Rxa7 Nxc4 35. Nb6+ Kxf6 36. Nxc8 Nf7 37. Kg2 1-0

[Event "FRA-ch Accession"]
[Site "Saint Quentin"]
[Date "2015.08.18"]
[Round "9"]
[White "Favarel, Antoine"]
[Black "Duboue, Peio"]
[Result "0-1"]
[WhiteElo "2364"]
[BlackElo "2312"]
[PlyCount "156"]
[EventDate "2015.08.09"]
[EventType "swiss"]
[EventRounds "11"]
[EventCountry "FRA"]
[SourceTitle "EXT 2016"]
[Source "ChessBase"]
[SourceDate "2015.10.08"]
[SourceVersion "1"]
[SourceVersionDate "2015.10.08"]
[SourceQuality "1"]

1. c4 Nf6 2. g3 e6 3. Bg2 d5 4. Nf3 Be7 5. 0-0 0-0 6. d4 dxc4 7. Qc2 a6 8. a4 Bd7 9. Qxc4 Bc6 10. Bg5 a5 11. Nc3 Na6 12. Bxf6 Bxf6 13. e4 Nb4 14. Rfd1 b6 15. Ne1 Be7 16. e5 Bxg2 17. Kxg2 Qc8 18. Nf3 Rd8 19. d5 exd5 20. Nxd5 Qe6 21. Nxe7+ Qxe7 22. Rac1 Rxd1 23. Rxd1 Na6 24. Qc6 Qe8 25. Rd7 Rc8 26. Qb5 c6 27. Qxb6 Qxd7 28. Qxa6 Rb8 29. Qxa5 h6 30. Qc3 Qd5 31. b4 Qe4 32. b5 cxb5 33. axb5 Rxb5 34. h3 Kh7 35. g4 Rd5 36. Qc7 Qg6 37. Qc4 Qd3 38. Qf4 Rd7 39. Qa4 Qd5 40. Qf4 Ra7 41. Qf5+ g6 42. Qf6 Ra4 43. Kg3 Qe6 44. Qd8 Ra3 45. Qd4 Qc6 46. Qf4 Kg7 47. Kg2 Ra4 48. Qd2 Qe4 49. Qd8 Qc6 50. Qd2 Rc4 51. Kg3 Qe4 52. Kg2 g5 53. Qd8 Qc6 54. Qd3 Rc3 55. Qf5 Qg6 56. Nd4 Qxf5 57. Nxf5+ Kg6 58. Nd4 Rc4 59. Nf3 Re4 60. Kg3 h5 61. gxh5+ Kxh5 62. Kg2 g4 63. hxg4+ Kxg4 64. Nh2+ Kf4 65. Nf3 Ra4 66. e6 fxe6 67. Nd2 e5 68. Nf1 e4 69. Ne3 Rd4 70. Nf1 Rd8 71. Ne3 Rd7 72. Nc4 Rc7 73. Ne3 Rc5 74. Nf1 Rg5+ 75. Ng3 e3 76. fxe3+ Kxe3 77. Kh2 Kf3 78. Nf1 Kf2 0-1

[Event "Condom"]
[Site "Condom"]
[Date "2015.07.11"]
[Round "6"]
[White "Fantinel, Thibault"]
[Black "Favarel, Antoine"]
[Result "1-0"]
[WhiteElo "2385"]
[BlackElo "2359"]
[PlyCount "49"]
[EventDate "2015.07.11"]
[EventType "tourn"]
[EventRounds "9"]
[EventCountry "FRA"]
[EventCategory "4"]
[SourceTitle "CBM 167 Extra"]
[Source "ChessBase"]
[SourceDate "2015.09.14"]
[SourceVersion "1"]
[SourceVersionDate "2015.09.14"]
[SourceQuality "1"]

1. c4 e6 2. Nc3 d5 3. d4 Bb4 4. cxd5 exd5 5. Bf4 Nf6 6. e3 c5 7. Bd3 0-0 8. Nge2 cxd4 9. exd4 Bg4 10. 0-0 Bxc3 11. bxc3 Nc6 12. Qb1 Na5 13. Ng3 Rc8 14. Qb4 Re8 15. Bg5 Qb6 16. Bxf6 gxf6 17. h3 Be6 18. Nh5 Rf8 19. Nxf6+ Kh8 20. Nxh7 Rg8 21. Nf6 Rxg2+ 22. Kxg2 Bxh3+ 23. Kxh3 Qxf6 24. Rg1 Qxf2 25. Qe7 1-0

[Event "Condom"]
[Site "Condom"]
[Date "2015.07.11"]
[Round "9"]
[White "Favarel, Antoine"]
[Black "Piceu, Tom"]
[Result "1/2-1/2"]
[WhiteElo "2359"]
[BlackElo "2324"]
[PlyCount "81"]
[EventDate "2015.07.11"]
[EventType "tourn"]
[EventRounds "9"]
[EventCountry "FRA"]
[EventCategory "4"]
[SourceTitle "CBM 167 Extra"]
[Source "ChessBase"]
[SourceDate "2015.09.14"]
[SourceVersion "1"]
[SourceVersionDate "2015.09.14"]
[SourceQuality "1"]

1. c4 e5 2. g3 Nc6 3. Nc3 g6 4. Bg2 Bg7 5. e4 d6 6. d3 Nge7 7. Nge2 0-0 8. 0-0 Nd4 9. Nxd4 exd4 10. Ne2 c5 11. Bd2 Rb8 12. b4 a6 13. bxc5 dxc5 14. a4 b5 15. axb5 axb5 16. cxb5 Rxb5 17. Qc2 Be6 18. Rfb1 Rxb1+ 19. Rxb1 c4 20. Bb4 Re8 21. Nf4 cxd3 22. Nxd3 Qa8 23. Bd6 Qa6 24. Bxe7 Rxe7 25. Rb8+ Bf8 26. Qb1 Rc7 27. Bf1 Rc8 28. Nf4 Rxb8 29. Qxb8 Qd6 30. Qa8 Kg7 31. Nxe6+ fxe6 32. Qa7+ Be7 33. Bd3 Kh6 34. h4 e5 35. Qa2 Qa3 36. Qd2+ Kg7 37. Kg2 Qc3 38. Qe2 Bf6 39. Kh3 Qc1 40. Qf3 h5 41. Kg2 1/2-1/2

[Event "Condom"]
[Site "Condom"]
[Date "2015.07.11"]
[Round "1"]
[White "Vedmediuc, Serghei"]
[Black "Favarel, Antoine"]
[Result "1-0"]
[WhiteElo "2400"]
[BlackElo "2359"]
[PlyCount "71"]
[EventDate "2015.07.11"]
[EventType "tourn"]
[EventRounds "9"]
[EventCountry "FRA"]
[EventCategory "4"]
[SourceTitle "CBM 167 Extra"]
[Source "ChessBase"]
[SourceDate "2015.09.14"]
[SourceVersion "1"]
[SourceVersionDate "2015.09.14"]
[SourceQuality "1"]

1. e4 c5 2. Nc3 Nc6 3. Bb5 Nd4 4. Nf3 e6 5. 0-0 a6 6. Bd3 Ne7 7. Nxd4 cxd4 8. Ne2 Nc6 9. c3 g6 10. cxd4 Bg7 11. d5 exd5 12. exd5 Nd4 13. Nxd4 Bxd4 14. Qe1+ Kf8 15. Be4 Kg7 16. d3 Qb6 17. Be3 d6 18. Bxd4+ Qxd4 19. Qc3 Qf6 20. Rac1 Re8 21. Qxf6+ Kxf6 22. Rc7 Re7 23. Rfc1 Rxc7 24. Rxc7 a5 25. f4 a4 26. a3 Rb8 27. Kf2 b6 28. Ke3 Ba6 29. g4 Bb5 30. g5+ Kg7 31. Kd4 Kf8 32. Bf3 Be8 33. Bg4 b5 34. Kc3 Rd8 35. Rc8 Ke7 36. Kb4 1-0

[Event "FRA-chT Top 12"]
[Site "Montpellier"]
[Date "2015.06.09"]
[Round "11.6"]
[White "Favarel, Antoine"]
[Black "Rozentalis, Eduardas"]
[Result "0-1"]
[WhiteElo "2374"]
[BlackElo "2529"]
[PlyCount "64"]
[EventDate "2015.05.30"]
[EventType "team-tourn"]
[EventRounds "11"]
[EventCountry "FRA"]
[SourceTitle "CBM 166 Extra"]
[Source "ChessBase"]
[SourceDate "2015.06.18"]
[SourceVersion "1"]
[SourceVersionDate "2015.06.18"]
[SourceQuality "1"]
[WhiteTeam "Chalons en Champagne"]
[BlackTeam "Strasbourg"]
[WhiteTeamCountry "FRA"]
[BlackTeamCountry "FRA"]

1. c4 b6 2. Nc3 Bb7 3. e4 e5 4. Nf3 Nc6 5. d3 Bc5 6. Be2 Nge7 7. a3 a5 8. Nxe5 Nxe5 9. d4 d6 10. dxc5 bxc5 11. f4 Nd7 12. 0-0 0-0 13. f5 f6 14. Rf4 Ne5 15. Rh4 Qd7 16. a4 g6 17. fxg6 N7xg6 18. Rh5 Rae8 19. Ra3 f5 20. Bh6 Rf7 21. exf5 Rxf5 22. Nd5 Bxd5 23. Qxd5+ Kh8 24. Qd1 Nf4 25. Rxf5 Qxf5 26. Rg3 Rg8 27. Rxg8+ Kxg8 28. Qd2 Nxe2+ 29. Qxe2 Qb1+ 30. Kf2 Qxb2 31. Bd2 Qd4+ 32. Kg3 Qxc4 0-1

[Event "FRA-chT Top 12"]
[Site "Montpellier"]
[Date "2015.06.08"]
[Round "10.4"]
[White "Bauer, Christian"]
[Black "Favarel, Antoine"]
[Result "1-0"]
[WhiteElo "2624"]
[BlackElo "2374"]
[PlyCount "57"]
[EventDate "2015.05.30"]
[EventType "team-tourn"]
[EventRounds "11"]
[EventCountry "FRA"]
[SourceTitle "CBM 166 Extra"]
[Source "ChessBase"]
[SourceDate "2015.06.18"]
[SourceVersion "1"]
[SourceVersionDate "2015.06.18"]
[SourceQuality "1"]
[WhiteTeam "Bois Colombes"]
[BlackTeam "Chalons en Champagne"]
[WhiteTeamCountry "FRA"]
[BlackTeamCountry "FRA"]

1. Nc3 d5 2. e4 dxe4 3. Nxe4 Nd7 4. Bc4 e6 5. Qe2 Ngf6 6. Ng5 Nb6 7. Bb3 h6 8. N5f3 a5 9. a3 a4 10. Ba2 g6 11. Ne5 Bg7 12. Ngf3 0-0 13. d4 Nbd7 14. 0-0 Qe8 15. Rd1 b6 16. Bc4 Nxe5 17. dxe5 Nd5 18. Bb5 c6 19. Bd3 Ra7 20. h4 Ne7 21. Be3 c5 22. Bb5 Bd7 23. Rxd7 Rxd7 24. Bxa4 Rd2 25. Qc4 Rd7 26. Qb5 Rd8 27. Qb3 Nc6 28. Qxb6 Rc8 29. Rd1 1-0

[Event "FRA-chT Top 12"]
[Site "Montpellier"]
[Date "2015.06.05"]
[Round "7.6"]
[White "Favarel, Antoine"]
[Black "Tregubov, Pavel V"]
[Result "0-1"]
[WhiteElo "2374"]
[BlackElo "2571"]
[PlyCount "128"]
[EventDate "2015.05.30"]
[EventType "team-tourn"]
[EventRounds "11"]
[EventCountry "FRA"]
[SourceTitle "CBM 166 Extra"]
[Source "ChessBase"]
[SourceDate "2015.06.18"]
[SourceVersion "1"]
[SourceVersionDate "2015.06.18"]
[SourceQuality "1"]
[WhiteTeam "Chalons en Champagne"]
[BlackTeam "Clichy Echecs 92"]
[WhiteTeamCountry "FRA"]
[BlackTeamCountry "FRA"]

1. c4 e5 2. g3 Nf6 3. Bg2 Nc6 4. Nc3 Bc5 5. Nf3 0-0 6. 0-0 d6 7. d3 h6 8. a3 a5 9. e3 Bb6 10. b3 Bf5 11. Bb2 Qd7 12. d4 exd4 13. Nxd4 Nxd4 14. exd4 Rae8 15. Bxb7 c6 16. Qf3 Qxb7 17. Qxf5 Bxd4 18. Qd3 Qxb3 19. Qxd4 Qxb2 20. Ra2 Qb8 21. Rb1 Qc7 22. Rd2 Re6 23. Rdb2 Rfe8 24. Rb7 Qc8 25. Kg2 Re1 26. Qxd6 Qf5 27. Rxe1 Rxe1 28. Qd8+ Re8 29. Qd4 c5 30. Qf4 Qxf4 31. gxf4 Rd8 32. Rb5 Rd3 33. Na4 Nh5 34. f3 Nxf4+ 35. Kf2 Rxa3 36. Nxc5 g5 37. Ne4 a4 38. c5 Ra2+ 39. Ke3 Rxh2 40. c6 Rc2 41. Nc5 Ne6 42. Nxa4 Rxc6 43. Rb3 Nf4 44. Kd4 Kg7 45. Nb2 h5 46. Rb5 Kg6 47. Rb8 h4 48. Nc4 f6 49. Ne3 Rd6+ 50. Ke4 Re6+ 51. Kd4 Ra6 52. Ng4 Ra4+ 53. Ke3 Ra3+ 54. Kf2 Ra2+ 55. Kg1 Ne2+ 56. Kf1 Ng3+ 57. Kg1 h3 58. Nf2 Rxf2 59. Kxf2 h2 60. Rh8 h1Q 61. Rxh1 Nxh1+ 62. Kg2 Kf5 63. Kxh1 Kf4 64. Kg2 Ke5 0-1

[Event "FRA-ch Accession"]
[Site "Nimes"]
[Date "2014.08.28"]
[Round "11"]
[White "Favarel, Antoine"]
[Black "Eden, James"]
[Result "1-0"]
[WhiteElo "2362"]
[BlackElo "2192"]
[PlyCount "43"]
[EventDate "2014.08.17"]
[EventType "swiss"]
[EventRounds "11"]
[EventCountry "FRA"]
[SourceTitle "CBM 162 Extra"]
[Source "ChessBase"]
[SourceDate "2014.10.17"]
[SourceVersion "1"]
[SourceVersionDate "2014.10.17"]
[SourceQuality "1"]

1. d4 Nf6 2. c4 g6 3. g3 Bg7 4. Bg2 0-0 5. Nf3 d6 6. Nc3 Nc6 7. 0-0 a6 8. Qd3 e5 9. dxe5 dxe5 10. Qxd8 Rxd8 11. Bg5 Re8 12. Rfd1 h6 13. Bxf6 Bxf6 14. Nd2 Bd8 15. Nb3 Be6 16. Nc5 Bxc4 17. Nxb7 Nd4 18. Na5 Bxe2 19. Bxa8 Bxd1 20. Rxd1 c6 21. Nxc6 Bb6 22. Bb7 1-0